000
00289nam a2200121Ia 4500
008
230917s9999||||xx |||||||||||||| ||und||
040
_e
141566
_a
MAIN
041
_a
English
082
_a
910.02 B768F
100
_a
Briggs, David
245
0
_a
Fundamantal of physical geography
942
_c
BK
999
_c
85538
_d
85538